LEADER 00412nab a2200145 i 4500 001 000000285427 003 CaOOAMICUS 005 20180831165313.0 008 180831n xx uu u0 0und r 013 $a38907 040 $aSeMil$bita 245 10$a[SENZA TITOLO]. 500 $aDecembre 1951. 773 0 $tJuin 1951 - Septembre 1952.$d[S.l. : s.n.], 1951$w()239855 996 $6245$a[SENZA TITOLO]$9(OLS)http://semarc/title/354609 LEADER 01151nam a2200253 4500 001 000000345286 003 CaOOAMICUS 005 20210408162156.0 008 210408s2018 it 000 u ita r 040 $aSeMil$bita 100 1 $aStaglianò, Antonio,$c.$0(OLS)http://semarc/name/19256 245 10$aShemà :$beducarsi all'ascolto della Parola di Dio per una nuova umanità /$cAntonio Staglianò. 264 1$aRosolini (SR) :$bSantocono,$c2018. 300 $a117 p. ;$c18 cm 490 1 $aTeologia per tutti ;$v8 650 4$aTeologia pastorale.$0(OLS)http://semarc/subject/721 650 4$aParola di Dio - Ascolto.$0(OLS)http://semarc/subject/33561 830 0$aTeologia per tutti ;$v8.$0(OLS)http://semarc/title/202498 850 $aSeMil 852 $aSeMil$W1$xVenegono$y1$m2D VII 76$j225529$B236372$CSeMilBibl$Z2$F236372 $81 961 $aStaglianò mons. Antonio - Omaggio 996 $6245$aShemà :$beducarsi all'ascolto della Parola di Dio per una nuova umanità$9(OLS)http://semarc/title/434412 996 $6264$aRosolini (SR) :$bSantocono$9(OLS)http://semarc/publisher/55610